Suomalaisia, joilla on J-alkuiset nimikirjaimet - Statistics

Yleistilastot
  • Tätä visaa on pelattu 204 kertaa
    172 viimeisimmän päivityksen jälkeen
  • Keskiarvotulos 13 / 22
Vastaustilastot
Vihje Henkilö % Oikein
JS Suomen kansallissäveltäjä Jean Sibelius
95%
JP Suomen tasavallan seitsemäs presidentti 1946-1956 Juho Kusti Paasikivi
94%
JL Kaikkien aikojen parhaana pidetty suomalainen jalkapalloilija Jari Litmanen
93%
JT 2000-luvun suosituimpia ja myyydimpiä artisteja. Tunnetaan paremmin nimellä Cheek Jare Tiihonen
92%
JR Suomen kansallisrunoilija, jonka pääteos Vänrikki Stoolin tarinat-runokokoelma sisälsi mm. Maamme-runon Johan Ludvig Runeberg
81%
JB Kaksi kultalevyä myynyt poplaulajatar Jannika B
76%
JN Suomen menestynein tennispelaaja Jarkko Nieminen
75%
JK Viisi Stanley Cup-mestaruutta voittanut jääkiekkoilija Jari Kurri
74%
JV Yli 2000 sanoitusta ja sävellystä tehnyt laulaja ja lauluntekijä, jonka hittejä olivat mm. "Vanhojapoikia viiksekkäitä" sekä "Albatrossi" Junnu Vainio
66%
JO Yritysjohtaja, joka nosti Nokian maailman johtavaksi matkapuhelinvalmistajaksi Jorma Ollila
64%
JU Kansallisbaletissa uraansa luonut tanssija ja koreografi Jorma Uotinen
63%
JA Esikoisromaanistaan Rautatie tunnettu kirjailija Juhani Aho
63%
JF Vuoden 1993 Suomen Neito, joka on toiminut mm. mallina ja juontajana Janina Fry
57%
JD Mm. kirjailijana, ohjaajana, tuottajana ja poliitikkona elämänsä aikana toiminut moniosaaja Jörn Donner
56%
JI Nuijasodan aikainen talonpoikaispäällikkö Jaakko Ilkka
52%
JW Sijoittui toiseksi Suomen ensimmäisessä Idols-kilpailussa 2004 Jani Wickholm
48%
JJ Tunnetun näyttelijäsuvun jäsen, joka muistetaan mm. Tuntemattoman sotilaan Lammiona Jussi Jurkka
41%
JE RKP:n entinen puheenjohtaja ja ministeri Jan-Erik Enestam
34%
JM Lapuan liikkeen jäseninä toimineet veljekset, jotka organisoivat ihmisten väkivaltaisia kyydityksiä Jaakko & Jussi Muilu
30%
JG Yttriumin löytänyt kemisti ja fyysikko Johan Gadolin
17%
JH Islamin tutkimukseen erikoistunut historioitsija. Suomentanut Koraanin ja Tuhannen ja yhden yön sadut Jaakko Hämeen-Anttila
13%
JC Suomen ensimmäisiä merkittäviä virsirunoilijoita Juhana Cajanus
5%
Ehtoja vastaavia visoja ei löytynyt
Tulosjakauma
Jokaisen tuloksen saaneiden osuus
Persentiili vastausten määrän mukaan
Tuloshistoriasi
Et ole pelannut tätä visaa sen viimeisimmän päivityksen jälkeen